Germany National Team All-Time XI - Statistics

General Stats
  • This quiz has been taken 298 times
  • The average score is 8 of 13
Answer Stats
Position Period Player % Correct
GK 2009- Manuel Neuer
99%
DF 1965-77 Franz Beckenbauer
95%
FW 1966-74 Gerd Müller
94%
DF 2004-14 Philipp Lahm
92%
MF 1980-2000 Lothar Matthäus
84%
Coach 2006-21 Joachim Löw
83%
FW 1976-86 Karl-Heinz Rummenigge
59%
DF 1984-94 Andreas Brehme
39%
MF 1971-82 Paul Breitner
35%
MF 1940-58 Fritz Walter
31%
DF 1986-98 Jürgen Kohler
31%
12th player 1965-75 Günter Netzer
20%
FW 1963-74 Wolfgang Overath
17%
No matching quizzes found
Score Distribution
Percent of People with Each Score
Percentile by Number Answered
Your Score History
You have not taken this quiz